| 000 | 00599nam a2200193Ia 4500 | ||
|---|---|---|---|
| 001 | 20128 | ||
| 003 | GE_BSU | ||
| 008 | 181216s||||||||xx |||||||||||||| ||und|| | ||
| 040 | _cGE_BSU | ||
| 245 | _aВопросы языкознания, №1.2017. Январь -Февраль | ||
| 245 | _cГл.ред.В.А.Плунгян и др. | ||
| 260 | _aМосква | ||
| 260 | _c2017 | ||
| 300 | _a160стр. 24 см. | ||
| 653 | _aВопросы языкознания №1.2017. Январь -Февраль | ||
| 653 | _aПериодика | ||
| 653 | _aპერიოდიკა | ||
| 942 | _cCR | ||
| 999 |
_c53090 _d53090 |
||